书目信息 |
| 题名: |
时间与自由意志
|
|
| 作者: | 亨利·柏格森 著 | |
| 分册: | ||
| 出版信息: | 北京 北京时代华文书局 2018.3 |
|
| 页数: | 196页 | |
| 开本: | 21cm | |
| 丛书名: | ||
| 单 册: | ||
| 中图分类: | B083 , B84-067 | |
| 科图分类: | ||
| 主题词: | 生命哲学--研究 , 人本心理学--研究 | |
| 电子资源: | ||
| ISBN: | 978-7-5699-2115-1 | |
| 000 | 01087nam0 2200253 45 | |
| 001 | 012001003698 | |
| 005 | 20140926114740.0 | |
| 010 | @a978-7-5699-2115-1@dCNY32.00.00 | |
| 100 | @a20180118d2018 em y0chiy0110 ea | |
| 101 | 0 | @achi |
| 102 | @aCN@b110000 | |
| 105 | @ay z 000yy | |
| 106 | @ar | |
| 200 | 1 | @a时间与自由意志@9shi jian yu zi you yi zhi@f(法)亨利·柏格森著 |
| 210 | @a北京@c北京时代华文书局@d2018.3 | |
| 215 | @a196页@d21cm | |
| 330 | @a本书出版于1932年,是亨利?柏格森最重要的作品之一,是柏格森哲学思想在人文—社会领域方面的一次集中运用。此书在时间上为美国50、60年代的反正统文化运动作了铺垫。更为重要的是柏格森倡导的生命哲学是对现代科学主义文化思潮的反拨。他提倡直觉,贬低理性,认为科学和理性只能把握相对的运动和实在的表皮,不能把握的运动和实在本身,只有通过直觉才能体验和把握到生命存在的“绵延”,那唯一真正本体性的存在。 | |
| 606 | 0 | @a生命哲学@x研究 |
| 606 | 0 | @a人本心理学@x研究 |
| 690 | @aB083@v5 | |
| 690 | @aB84-067@v5 | |
| 701 | 0 | @c(法)@a亨利·柏格森@9heng li · bai ge sen@4著 |
| 801 | 0 | @aCN@b上海新华@c20180901 |
| 905 | @b1159980-4@dB083@e104@f5 | |
| 时间与自由意志/(法)亨利·柏格森著.-北京:北京时代华文书局,2018.3 |
| 196页;21cm |
| ISBN 978-7-5699-2115-1:CNY32.00.00 |
| 本书出版于1932年,是亨利?柏格森最重要的作品之一,是柏格森哲学思想在人文—社会领域方面的一次集中运用。此书在时间上为美国50、60年代的反正统文化运动作了铺垫。更为重要的是柏格森倡导的生命哲学是对现代科学主义文化思潮的反拨。他提倡直觉,贬低理性,认为科学和理性只能把握相对的运动和实在的表皮,不能把握的运动和实在本身,只有通过直觉才能体验和把握到生命存在的“绵延”,那唯一真正本体性的存在。 |
| ● |
| 相关链接 |
|
|
|
|
正题名:时间与自由意志
索取号:B083/104
 
预约/预借
| 序号 | 登录号 | 条形码 | 馆藏地/架位号 | 状态 | 备注 |
| 1 | 1159980 | 211599803 | 第一样本阅览室/ [索取号:B083/104] | 在馆 | |
| 2 | 1159981 | 211599812 | 第一借阅区/ [索取号:B083/104] | 在馆 | |
| 3 | 1159982 | 211599821 | 第一借阅区/ [索取号:B083/104] | 在馆 | |
| 4 | 1159983 | 211599830 | 第一借阅区/ [索取号:B083/104] | 在馆 | |
| 5 | 1159984 | 211599849 | 第一借阅区/ [索取号:B083/104] | 在馆 |